1736 1353 1292 1784 1771 1387 1192 1751 1656 1388 1514 1958 1960 1285 1406 1034 1919 1653 1164 1388 1115 1964 1757 1909 1330 1584 1583 1974 1128 1393 1485 1676 1815 1614 1766 1914 1777 1188 1591 1948 1394 1765 1072 1520 1999 1735 1340 1888 1740 1134 1504 1386 1925 1815 1673 1436 1293 1044 1941 1567 1478 1423 1713 1973 1812 1958 1154 1597 1919 1594 1174 1658 1232 1834 1267 1111 1703 1563 1845 1868 1642 1973 1168 1875 1982 1677 1499 1623 1038 1904 1859 1050 1550 1976 1148 1051 1668 1587 1594 BCNSPRNW ULIB Ver.6.0+V

เปลี่ยนเป็นภาษาไทย

Change to English
 แสดงรายละเอียดบรรณานุกรม
  กลับหน้าหลัก

Brief Record : Get Marc (ISO 2709) : E-mail record : QR code < ปิดหน้าต่าง
LEADER : 00000nam 2200000uu 4500
001    13399128968
003     ULIB
008    241119s2023||||th 000 0 tha d
020    ^a9781975179281
060 04 ^aQZ4^bJ92A
100 1  ^aJudi Nath
245 10 ^aApplied Pathophysiology A Conceptual Approach /^cJudi Nath
246 30 ^aPathophysiology
250    ^a4th ed.
260    ^aPhiladelphia, Pa. :^bWolters Kluwer Health,^c2023
300    ^axxvii, 576 p. :^bcol. ill. ;^c28 cm.
504    ^aIncludes bibliographical references and index
650  0 ^aPhysiology, Pathological
650  0 ^aHealth^xMiscellanea
650  0 ^aPathology
650  2 ^aPhysiology
650  2 ^aPhysiological Phenomena
945    ^p2745^l0^i011199
999    ^aประนอม เกษจรัล
รายการนี้ยังไม่มีแท็ก
คุณยังไม่ได้ล็อกอิน คุณสามารถมีกิจกรรมร่วมกับเว็บไซต์ได้ แต่ต้องล็อกอินก่อน ::
  ล็อกอิน

รายการสื่อสารสนเทศ

ลำดับที่ ประเภท เลขเรียก/บาร์โค้ด สถานที่ สถานะ
1. วิทยาศาสตร์การแพทย์ และสุขภาพ
หนังสือสำรอง
สถานะ=หนังสือสำรอง
QZ4 J92A ฉ.1 
  Barcode: 011199
ห้องสมุดวิทยาเขตสวรรค์ประชารักษ์
►หนังสือทั่วไป
ถูกยืม กำหนดส่งวันที่ 1 มกราคม 2569
  จอง

รายการใกล้เคียง
    หัวเรื่อง [Physiology, Pathological]
    หัวเรื่อง [Pathology]
    หัวเรื่อง [Physiology]
    หัวเรื่อง [Physiological Phenomena]

BibComment


ยังไม่เคยถูกคอมเมนท์

คอมเมนท์ทรัพยากรรายการนี้
  คอมเมนท์: Applied Pathophy..


 Copyright 2026. Bcnsprnw @Library